00514nam a2200181 a 45000010010000000030011000100080041000210350026000620820017000881000022001052450018001272600039001456500010001849420012001949520091002069980020002979990015003170000-9383ELIB.Books110520 1980  a(ELIB.Books)0000-9535 a234.23 bKen aKennedy, D. James aWhy I Believe bU.S.A.: W. Publishing Group c1980 aFaith 2ddccBK 00102ddc4070aKBTSbKBTSd2011-05-20l0p11459r2022-01-22 00:00:00w2022-01-22yBK cbate2011-05-20 c9383d9383